|
|
|
|
| LEADER |
00000njm a2200000 a 4500 |
| 001 |
vtls010641209 |
| 003 |
SK-MaSNL |
| 005 |
20260518033901.0 |
| 007 |
sd fungnnmmned |
| 008 |
160429s2012 xo zznn d n eng |
| 015 |
|
|
|a SNBJ2015
|
| 020 |
|
|
|a 9788089283477
|
| 040 |
|
|
|a SNK
|b slo
|c SNK
|e AACR2
|
| 041 |
1 |
|
|d eng
|h slo
|
| 044 |
|
|
|a xo
|c SK
|
| 072 |
|
7 |
|a 7.01/.09
|x Umenie
|2 konspekt
|
| 080 |
|
|
|a 7.038.53
|2 2011
|
| 080 |
|
|
|a 785-021.59
|2 2011
|
| 080 |
|
|
|a (0:82-1)
|2 2011
|
| 080 |
|
|
|a (086.76)
|2 2011
|
| 245 |
0 |
4 |
|a The graceful flow
|h zvukový záznam
|b poetry, music, visuals
|
| 260 |
|
|
|a [Bratislava]
|b Ars Poetica
|b Sound Studio Excellent
|c 2012
|
| 300 |
|
|
|a 1 zvuková platňa
|b digitál.
|c 12 cm
|e 1 zložený list, 1 DVD
|
| 500 |
|
|
|a Názov z obalu
|
| 500 |
|
|
|a Kompaktná platňa a videodisk
|
| 500 |
|
|
|a Hudbu spontánne zložili, Oskar Rózsa, Vladimír Šarišský, Andrej Šeban, Sylvain Rifflet ; autori použitých textov, Mária Ferenčuhová, Michal Habaj, Karol Chmel, Katarína Kucbelová, Valerij Kupka, Peter Macsovszky, Nóra Ružičková, Martin Solotruk, Ľubica Somolayová, Peter Šulej ; preklady, Zuzana Starovecká ; vizualizácie, Zdeno Hlinka
|
| 500 |
|
|
|a Tlačená príloha obsahuje recitované texty
|
| 511 |
0 |
|
|a Recituje, Zoë Skoulding, Alan Holmes
|
| 518 |
|
|
|a Nahraté v zvukovom štúdiu Excellent, Bratislava Tomášom OŠO Branickým, jar 2012
|
| 650 |
0 |
7 |
|a inštrumentálna hudba
|2 SNKPH
|9 3421
|
| 655 |
|
7 |
|a poézia
|2 SNKPH
|9 70555
|
| 655 |
|
7 |
|a kompaktné platne
|2 SNKPH
|9 70690
|
| 700 |
1 |
|
|a Rózsa, Oskar,
|d 1974-
|4 cmp
|4 itr
|9 16315
|
| 700 |
1 |
|
|a Šarišský, Vladimír
|4 cmp
|4 itr
|9 345529
|
| 700 |
1 |
|
|a Šeban, Andrej,
|d 1962-
|4 cmp
|4 itr
|9 119751
|
| 700 |
1 |
|
|a Rifflet, Sylvain,
|d 1976-
|4 cmp
|4 itr
|9 345530
|
| 700 |
1 |
|
|a Ferenčuhová, Mária,
|d 1975-
|4 aut
|9 97708
|
| 700 |
1 |
|
|a Habaj, Michal,
|d 1974-
|4 aut
|9 97738
|
| 700 |
1 |
|
|a Chmel, Karol,
|d 1953-2026
|4 aut
|9 105159
|
| 700 |
1 |
|
|a Hlinka, Zdeno,
|d 1975-
|4 oth
|9 112023
|
| 700 |
1 |
|
|a Starovecká, Zuzana
|4 trl
|9 345531
|
| 700 |
1 |
|
|a Skoulding, Zoë,
|d 1967-
|4 prf
|9 164169
|
| 700 |
1 |
|
|a Holmes, Alan
|4 prf
|9 345532
|
| 700 |
1 |
|
|a Kucbelová, Katarína,
|d 1979-
|4 aut
|9 98769
|
| 700 |
1 |
|
|a Kupka, Valerij,
|d 1962-
|4 aut
|9 159843
|
| 700 |
1 |
|
|a Macsovszky, Peter,
|d 1966-
|4 aut
|9 99036
|
| 700 |
1 |
|
|a Ružičková, Nóra,
|d 1977-
|4 aut
|9 219409
|
| 700 |
1 |
|
|a Solotruk, Martin,
|d 1970-
|4 aut
|9 102292
|
| 700 |
1 |
|
|a Somolayová, Ľubica,
|d 1979-
|4 aut
|9 104696
|
| 700 |
1 |
|
|a Šulej, Peter,
|d 1967-
|4 aut
|9 13475
|
| 919 |
|
|
|a 978-80-89283-47-7
|
| 958 |
|
|
|a UP
|
| 999 |
|
|
|c 590831
|d 592761
|
| 952 |
|
|
|a SNK
|b SNK
|y PREZ
|7 0
|p 17A1132718
|o snkSCD 3353/1-3
|i snk2014/27042
|8 0
|3 1 CD
|z 1 CD
|0 0
|1 0
|4 0
|d 2014-12-05
|l 0
|r 2026-02-23 15:23:28
|w 2026-02-23
|
| 952 |
|
|
|a SNK
|b SNK
|y PREZ
|7 0
|p 17A1132719
|o snkSCD 3353/1-3
|i snk2014/27042
|8 0
|3 1 brožúra
|z 1 brožúra
|0 0
|1 0
|4 0
|d 2014-12-05
|l 0
|r 2026-02-23 15:23:28
|w 2026-02-23
|
| 952 |
|
|
|a SNK
|b SNK
|y PREZ
|7 0
|p 17A1132720
|o snkSCD 3353/1-3
|i snk2014/27042
|8 0
|3 1 DVD
|z 1 DVD
|0 0
|1 0
|4 0
|d 2014-12-05
|l 0
|r 2026-02-23 15:23:28
|w 2026-02-23
|